[Event "43. Olimpiada Batumi 2018 Femenina"]
[Site "Batumi GEO"]
[Date "2018.09.28"]
[Round "5.4"]
[White "Malan, Lucia"]
[Black "Jayaweera, Sayuni Gihansa"]
[Result "1-0"]
[WhiteElo "1785"]
[BlackElo "1655"]
[PlyCount "68"]
[EventDate "2018.09.24"]
[EventType "team-swiss"]
[EventRounds "11"]
[EventCountry "GEO"]
[SourceTitle "Ajedrez en Madrid"]
[Source "lmi"]
[SourceDate "2018.09.24"]
[WhiteTeam "Uruguay"]
[BlackTeam "Sri Lanka"]
[WhiteTeamCountry "URU"]
[BlackTeamCountry "SRI"]

1. e4 c5 2. Nc3 g6 3. Nf3 Bg7 4. d4 cxd4 5. Nxd4 Nc6 6. Nb3 Nf6 7. g4 d6 8. g5
Nd7 9. h4 a5 10. a4 Nc5 11. Nxc5 dxc5 12. Qxd8+ Kxd8 13. Be3 Nd4 14. O-O-O Ke8
15. Nb5 Bg4 16. Nc7+ Kd7 17. Nxa8 Bxd1 18. Bxd4 cxd4 19. Bb5+ Kd6 20. Kxd1 Rxa8
21. h5 Be5 22. Rh4 gxh5 23. f4 Bg7 24. Rxh5 Rh8 25. e5+ Kd5 26. Bd3 h6 27. e6
Kxe6 28. Bc4+ Kd6 29. Bxf7 hxg5 30. Rxg5 Rh1+ 31. Ke2 Rh2+ 32. Kd3 Bh6 33. Rd5+
Kc7 34. Rxd4 Rd2+ 1-0

[Event "43. Olimpiada Batumi 2018 Femenina"]
[Site "Batumi GEO"]
[Date "2018.09.28"]
[Round "5.1"]
[White "Cordero, Daniela"]
[Black "Agrest, Inna"]
[Result "0-1"]
[WhiteElo "2082"]
[BlackElo "2283"]
[PlyCount "132"]
[EventDate "2018.09.24"]
[EventType "team-swiss"]
[EventRounds "11"]
[EventCountry "GEO"]
[SourceTitle "Ajedrez en Madrid"]
[Source "lmi"]
[SourceDate "2018.09.24"]
[WhiteTeam "Bolivia"]
[BlackTeam "Sweden"]
[WhiteTeamCountry "BOL"]
[BlackTeamCountry "SWE"]

1. d4 Nf6 2. Nf3 g6 3. Nc3 Bg7 4. e4 d6 5. Be3 O-O 6. Qd2 c6 7. a4 Nbd7 8. Bd3
e5 9. dxe5 dxe5 10. h3 Qe7 11. O-O Nc5 12. Ne1 Rd8 13. Qc1 a5 14. Qb1 Ne6 15.
Ne2 Nh5 16. Bc4 Nef4 17. Ng3 Nf6 18. Nd3 Nxd3 19. Bxd3 Be6 20. Qe1 Nd7 21. Qc3
Qb4 22. Qxb4 axb4 23. Rfd1 Bf8 24. Kf1 Bc5 25. Ke2 f6 26. f3 Kf7 27. h4 h5 28.
Nf1 Ke7 29. Nd2 Bxe3 30. Kxe3 Nc5 31. a5 Rd4 32. Nf1 Rad8 33. Be2 b3 34. c3
Rxd1 35. Rxd1 Na4 36. Rxd8 Kxd8 37. Nd2 Nxb2 38. c4 Kc7 39. g4 Kd6 40. gxh5
gxh5 41. f4 Bf7 42. fxe5+ fxe5 43. Kf2 Kc5 44. Nxb3+ Kb4 45. Nd2 Kxa5 46. Nf3
Nxc4 47. Ng5 Nd6 48. Nxf7 Nxf7 49. Bxh5 Nh6 50. Ke3 c5 51. Kd3 Kb4 52. Be8 c4+
53. Kc2 Kc5 54. Kc3 b5 55. h5 b4+ 56. Kb2 Kd4 57. Bc6 b3 58. Bb5 Kc5 59. Bd7
Kb4 60. Be6 c3+ 61. Kb1 Ka3 62. Bd5 Ng4 63. Be6 c2+ 64. Kc1 b2+ 65. Kxc2 Ne3+
66. Kb1 Nd1 0-1

[Event "43. Olimpiada Batumi 2018 Femenina"]
[Site "Batumi GEO"]
[Date "2018.09.28"]
[Round "5.2"]
[White "Bengtsson, Jessica"]
[Black "Ramirez, Maria Eugenia"]
[Result "1/2-1/2"]
[WhiteElo "1986"]
[BlackElo "2052"]
[PlyCount "110"]
[EventDate "2018.09.24"]
[EventType "team-swiss"]
[EventRounds "11"]
[EventCountry "GEO"]
[SourceTitle "Ajedrez en Madrid"]
[Source "lmi"]
[SourceDate "2018.09.24"]
[WhiteTeam "Sweden"]
[BlackTeam "Bolivia"]
[WhiteTeamCountry "SWE"]
[BlackTeamCountry "BOL"]

1. e4 e5 2. Nf3 Nc6 3. Bb5 Nd4 4. Nxd4 exd4 5. O-O Bc5 6. d3 c6 7. Ba4 Ne7 8.
f4 d5 9. Kh1 f5 10. Bb3 Qd6 11. Nd2 O-O 12. e5 Qc7 13. Nf3 Kh8 14. Qe1 a5 15.
a4 b5 16. Bd2 Bb6 17. Qh4 h6 18. Rae1 bxa4 19. Bxa4 Be6 20. Ng5 Qd7 21. Qh5 Kg8
22. Nxe6 Qxe6 23. h3 Kh7 24. Re2 Bd8 25. Qf3 Rb8 26. Bc1 Nc8 27. Bb3 Rb7 28.
Rg1 Rbf7 29. Bd2 Rb7 30. Bc1 g6 31. g4 Rbf7 32. Qg3 g5 33. gxf5 Rxf5 34. Qg4
Qg6 35. Reg2 Be7 36. Bd2 Qf7 37. fxg5 Bxg5 38. Qxd4 Bxd2 39. e6 Qf6 40. Qxf6
R5xf6 41. Rxd2 Rxe6 42. Rdg2 Rf7 43. d4 Re3 44. Kh2 Ne7 45. c3 Rff3 46. Rg3
Rxg3 47. Rxg3 Re2+ 48. Rg2 Rxg2+ 49. Kxg2 Kg6 50. Kf3 Kg5 51. Ba4 h5 52. Kg3
Nf5+ 53. Kf3 Ne7 54. Kg3 Nf5+ 55. Kf3 Ne7 1/2-1/2

[Event "43. Olimpiada Batumi 2018 Femenina"]
[Site "Batumi GEO"]
[Date "2018.09.28"]
[Round "5.3"]
[White "Molina, Jessica"]
[Black "Fransson, Angelina"]
[Result "0-1"]
[WhiteElo "1806"]
[BlackElo "2004"]
[PlyCount "95"]
[EventDate "2018.09.24"]
[EventType "team-swiss"]
[EventRounds "11"]
[EventCountry "GEO"]
[SourceTitle "Ajedrez en Madrid"]
[Source "lmi"]
[SourceDate "2018.09.24"]
[WhiteTeam "Bolivia"]
[BlackTeam "Sweden"]
[WhiteTeamCountry "BOL"]
[BlackTeamCountry "SWE"]

1. d4 Nf6 2. c4 g6 3. Nc3 Bg7 4. e4 d6 5. f3 O-O 6. Be3 c5 7. d5 a6 8. Qd2 e6
9. a4 Re8 10. Nge2 exd5 11. cxd5 Nbd7 12. Ng3 h5 13. Be2 Ne5 14. O-O Kh7 15.
Bg5 Qc7 16. f4 Neg4 17. Kh1 Rh8 18. h4 Rf8 19. f5 Ne5 20. Rae1 Bd7 21. Rf4 Nfg4
22. Bxg4 Nxg4 23. f6 Bh8 24. Qc2 Ne5 25. Qe2 Bg4 26. Qe3 Rab8 27. Nd1 b5 28.
axb5 Rxb5 29. Nf2 Rxb2 30. Nxg4 hxg4 31. h5 Qb6 32. hxg6+ fxg6 33. Ref1 Rf7 34.
Bh4 c4 35. Qc3 Rb3 36. Qd2 Rd3 37. Qe2 Qb3 38. Rxg4 Re3 39. Qxe3 Qxe3 40. Bg5
Nxg4 41. Bxe3 Nxe3 42. Rf3 Ng4 43. Rc3 Ne5 44. Ne2 Bxf6 45. Rh3+ Kg8 46. Ra3
Ra7 47. Nf4 a5 48. Kg1 0-1

[Event "43. Olimpiada Batumi 2018 Femenina"]
[Site "Batumi GEO"]
[Date "2018.09.28"]
[Round "5.4"]
[White "Blazekovic, Nina"]
[Black "Mendoza, Samantha"]
[Result "1-0"]
[WhiteElo "1819"]
[BlackElo "1763"]
[PlyCount "82"]
[EventDate "2018.09.24"]
[EventType "team-swiss"]
[EventRounds "11"]
[EventCountry "GEO"]
[SourceTitle "Ajedrez en Madrid"]
[Source "lmi"]
[SourceDate "2018.09.24"]
[WhiteTeam "Sweden"]
[BlackTeam "Bolivia"]
[WhiteTeamCountry "SWE"]
[BlackTeamCountry "BOL"]

1. e4 b6 2. d4 Bb7 3. Bd3 e6 4. Nf3 Nf6 5. Qe2 Be7 6. O-O d5 7. e5 Nfd7 8. Be3
O-O 9. Nbd2 c5 10. c3 Nc6 11. a3 a5 12. Rad1 c4 13. Bb1 b5 14. Ne1 b4 15. axb4
axb4 16. f4 g6 17. Qg4 bxc3 18. bxc3 Ra3 19. f5 exf5 20. Rxf5 Rxc3 21. Bh6 Re8
22. Rxf7 Ndxe5 23. Rg7+ Kh8 24. dxe5 Bc5+ 25. Kh1 Nxe5 26. Qf4 Ba8 27. Rf7 Nxf7
28. Qxf7 Bd4 29. Nef3 Qe7 30. Qxe7 Rxe7 31. Nxd4 Ra3 32. Rf1 Re8 33. h3 Ra6 34.
Nb5 Rc6 35. Bc2 Bb7 36. Nc3 Rd6 37. Ba4 Ra8 38. Rf7 Ba6 39. Nf3 d4 40. Ne4 Re6
41. Nfg5 Kg8 1-0

[Event "43. Olimpiada Batumi 2018 Femenina"]
[Site "Batumi GEO"]
[Date "2018.09.28"]
[Round "5.1"]
[White "Thornton, Filipina"]
[Black "Ptacnikova, Lenka"]
[Result "0-1"]
[WhiteElo "1712"]
[BlackElo "2211"]
[PlyCount "100"]
[EventDate "2018.09.24"]
[EventType "team-swiss"]
[EventRounds "11"]
[EventCountry "GEO"]
[SourceTitle "Ajedrez en Madrid"]
[Source "lmi"]
[SourceDate "2018.09.24"]
[WhiteTeam "Malta"]
[BlackTeam "Iceland"]
[WhiteTeamCountry "MLT"]
[BlackTeamCountry "ISL"]

1. d4 Nf6 2. c4 e6 3. Nc3 Bb4 4. Bf4 Bxc3+ 5. bxc3 d6 6. e3 Nbd7 7. Nf3 b6 8.
Bd3 Bb7 9. O-O Qe7 10. Bg3 e5 11. Bc2 O-O 12. h3 c5 13. Nh4 g6 14. Re1 Ne4 15.
Qg4 Ndf6 16. Nf5 Qc7 17. Nh6+ Kh8 18. Qf3 Kg7 19. Bh4 Kxh6 20. d5 Kg7 21. Bxe4
Nxe4 22. Qxe4 f5 23. Qf3 f4 24. exf4 Rf7 25. Qg3 exf4 26. Qf3 h6 27. Re4 Raf8
28. Rae1 Qd7 29. Re6 Kh7 30. Qe4 Rg8 31. f3 Ba6 32. Be7 Qa4 33. Bxd6 Qxc4 34.
Qc2 Qxd5 35. Re7 Rgg7 36. R7e6 Bc8 37. R1e5 Qc6 38. Qd3 Bxe6 39. Rxe6 Rf5 40.
Qe2 Qd7 41. Qe4 Qb7 42. Qe2 Qd5 43. Bb8 Rf8 44. Re5 Qd7 45. h4 Rxb8 46. h5 gxh5
47. Qe4+ Kg8 48. Rxh5 Re8 49. Qxf4 Qd1+ 50. Kh2 Qe2 0-1

[Event "43. Olimpiada Batumi 2018 Femenina"]
[Site "Batumi GEO"]
[Date "2018.09.28"]
[Round "5.2"]
[White "Davidsdottir, Nansy"]
[Black "Farrugia, Jamie"]
[Result "1-0"]
[WhiteElo "1945"]
[BlackElo "1582"]
[PlyCount "102"]
[EventDate "2018.09.24"]
[EventType "team-swiss"]
[EventRounds "11"]
[EventCountry "GEO"]
[SourceTitle "Ajedrez en Madrid"]
[Source "lmi"]
[SourceDate "2018.09.24"]
[WhiteTeam "Iceland"]
[BlackTeam "Malta"]
[WhiteTeamCountry "ISL"]
[BlackTeamCountry "MLT"]

1. e4 e5 2. Nf3 Nc6 3. d4 exd4 4. Nxd4 Nf6 5. Nc3 Bb4 6. Nxc6 bxc6 7. Bd3 O-O
8. O-O d5 9. exd5 cxd5 10. h3 Bb7 11. Bg5 d4 12. Ne4 Be7 13. Bxf6 Bxf6 14. Qh5
g6 15. Qa5 Bxe4 16. Bxe4 Rb8 17. Rab1 Qe7 18. Rfe1 Qb4 19. Qxc7 Qa4 20. Bd5
Rbc8 21. Qf4 Bg7 22. Bb3 Qd7 23. Rbd1 Rfe8 24. Qf3 Re7 25. Rxe7 Qxe7 26. Qd3
Re8 27. Kf1 Qe5 28. g3 Qh5 29. Kg2 Qg5 30. Qf3 Rf8 31. Re1 Qf6 32. Qb7 Bh6 33.
Re2 a6 34. Bc4 a5 35. a4 Kg7 36. Qc7 Qd8 37. Qxd8 Rxd8 38. Re7 Rf8 39. f4 g5
40. Kf3 gxf4 41. gxf4 Kg6 42. Ra7 f6 43. Bd3+ f5 44. Ra6+ Rf6 45. Rxa5 Bg7 46.
Rd5 Rf8 47. b4 Kf7 48. Rxf5+ Bf6 49. Rh5 Ra8 50. Rxh7+ Kg8 51. a5 Re8 1-0

[Event "43. Olimpiada Batumi 2018 Femenina"]
[Site "Batumi GEO"]
[Date "2018.09.28"]
[Round "5.3"]
[White "Psaila, Uranchimeg"]
[Black "Johannsdottir, Johanna Bjorg"]
[Result "0-1"]
[WhiteElo "1446"]
[BlackElo "1900"]
[PlyCount "80"]
[EventDate "2018.09.24"]
[EventType "team-swiss"]
[EventRounds "11"]
[EventCountry "GEO"]
[SourceTitle "Ajedrez en Madrid"]
[Source "lmi"]
[SourceDate "2018.09.24"]
[WhiteTeam "Malta"]
[BlackTeam "Iceland"]
[WhiteTeamCountry "MLT"]
[BlackTeamCountry "ISL"]

1. d4 Nf6 2. Nf3 g6 3. Nbd2 c5 4. e3 Bg7 5. Bd3 O-O 6. O-O b6 7. c3 Bb7 8. e4
d6 9. Re1 Nc6 10. Qe2 Qc7 11. Nf1 e5 12. d5 Ne7 13. c4 Nh5 14. Be3 Nf4 15. Qd2
Nxd3 16. Qxd3 h6 17. Qd2 Kh7 18. Rac1 f5 19. Bg5 hxg5 20. Nxg5+ Kg8 21. Ne6 Qd7
22. Nxf8 Rxf8 23. Rc3 f4 24. Qd1 Bc8 25. Nd2 Bf6 26. Nf1 Kg7 27. Re2 g5 28. Rd2
Rh8 29. Rdd3 Qe8 30. h3 g4 31. hxg4 Qg6 32. Nh2 Qxe4 33. Rh3 Rxh3 34. gxh3 Qh7
35. Kg2 e4 36. Ra3 f3+ 37. Nxf3 exf3+ 38. Qxf3 a6 39. Re3 Ng6 40. Re2 Nh4+ 0-1

[Event "43. Olimpiada Batumi 2018 Femenina"]
[Site "Batumi GEO"]
[Date "2018.09.28"]
[Round "5.4"]
[White "Fridthjofsdottir, Sigurl. Regina"]
[Black "Stagno, Milena"]
[Result "1-0"]
[WhiteElo "1724"]
[BlackElo "1388"]
[PlyCount "69"]
[EventDate "2018.09.24"]
[EventType "team-swiss"]
[EventRounds "11"]
[EventCountry "GEO"]
[SourceTitle "Ajedrez en Madrid"]
[Source "lmi"]
[SourceDate "2018.09.24"]
[WhiteTeam "Iceland"]
[BlackTeam "Malta"]
[WhiteTeamCountry "ISL"]
[BlackTeamCountry "MLT"]

1. e4 c5 2. Nc3 Nc6 3. f4 g6 4. Nf3 Bg7 5. Bc4 Nf6 6. d3 O-O 7. O-O d6 8. Qe1
Nd7 9. a3 a6 10. Qh4 Re8 11. Bxf7+ Kxf7 12. Ng5+ Kf8 13. Ne6+ Kg8 14. Nxd8 Rxd8
15. Nd5 Nf6 16. Nb6 Rb8 17. Nxc8 Rbxc8 18. c3 b5 19. Be3 Rf8 20. Rad1 a5 21. f5
Ne5 22. fxg6 Nxg6 23. Qh3 c4 24. Bh6 Bxh6 25. Qxh6 cxd3 26. Rxd3 Nxe4 27. Rdf3
Nd2 28. Rxf8+ Nxf8 29. Qxd2 Ng6 30. Qd5+ Kg7 31. Qxb5 Rc5 32. Qe8 Re5 33. Qf7+
Kh6 34. Qf3 Nh4 35. Qf4+ 1-0

[Event "43. Olimpiada Batumi 2018 Femenina"]
[Site "Batumi GEO"]
[Date "2018.09.28"]
[Round "5.1"]
[White "Gray, Krishna"]
[Black "Castillo Pena, Patricia Evarista"]
[Result "1/2-1/2"]
[WhiteElo "1693"]
[BlackElo "1810"]
[PlyCount "73"]
[EventDate "2018.09.24"]
[EventType "team-swiss"]
[EventRounds "11"]
[EventCountry "GEO"]
[SourceTitle "Ajedrez en Madrid"]
[Source "lmi"]
[SourceDate "2018.09.24"]
[WhiteTeam "Jamaica"]
[BlackTeam "Dominican Republic"]
[WhiteTeamCountry "JAM"]
[BlackTeamCountry "DOM"]

1. d4 d5 2. Bf4 Nf6 3. e3 c5 4. c3 Nc6 5. Nf3 Qb6 6. Qc2 Bf5 7. dxc5 Bxc2 8.
cxb6 axb6 9. Nbd2 e6 10. Bb5 Nd7 11. a4 Bg6 12. O-O Be7 13. Rfe1 O-O 14. e4
dxe4 15. Nxe4 Nc5 16. Nxc5 bxc5 17. Bxc6 bxc6 18. Ne5 Bc2 19. Nxc6 Bf6 20. a5
Rfc8 21. Ne5 c4 22. Nd7 Ra6 23. Nxf6+ gxf6 24. Be3 Rd8 25. h3 Rd5 26. Rac1 Bd3
27. Red1 Raxa5 28. Rd2 Ra2 29. Rcd1 Rb5 30. b4 Ra3 31. Rxd3 cxd3 32. Rxd3 Rd5
33. Rxd5 exd5 34. Bd4 Kg7 35. Kf1 Kg6 36. Ke2 Kf5 37. Kf3 1/2-1/2

[Event "43. Olimpiada Batumi 2018 Femenina"]
[Site "Batumi GEO"]
[Date "2018.09.28"]
[Round "5.2"]
[White "Hazim Gonzalez, Elizabeth"]
[Black "Barrett, Ariel"]
[Result "0-1"]
[WhiteElo "1748"]
[BlackElo "1701"]
[PlyCount "88"]
[EventDate "2018.09.24"]
[EventType "team-swiss"]
[EventRounds "11"]
[EventCountry "GEO"]
[SourceTitle "Ajedrez en Madrid"]
[Source "lmi"]
[SourceDate "2018.09.24"]
[WhiteTeam "Dominican Republic"]
[BlackTeam "Jamaica"]
[WhiteTeamCountry "DOM"]
[BlackTeamCountry "JAM"]

1. e4 e5 2. Nc3 Nf6 3. g3 Bc5 4. Bg2 a6 5. d3 d6 6. h3 Nc6 7. Nge2 Be6 8. O-O
Qd7 9. Kh2 O-O-O 10. a3 Rdg8 11. Be3 h5 12. Nd5 h4 13. g4 Ne7 14. Nxe7+ Qxe7
15. d4 exd4 16. Bxd4 Bc4 17. Bxf6 Qxf6 18. b3 Bb5 19. a4 Bc6 20. f3 Re8 21. Qd2
g6 22. c3 d5 23. Nd4 Bxd4 24. cxd4 dxe4 25. fxe4 Qd6+ 26. Kh1 Bxe4 27. Bxe4
Rxe4 28. Rad1 Rd8 29. Qg2 Rxd4 30. Rxd4 Qxd4 31. Qc2 Qd5+ 32. Kg1 Qd4+ 33. Rf2
Qe3 34. Kf1 Qxh3+ 35. Rg2 Qf3+ 36. Kg1 Rd1+ 37. Kh2 h3 38. Rg1 Qf4+ 39. Kh1
Qf3+ 40. Kh2 Qf4+ 41. Kh1 Rxg1+ 42. Kxg1 Qxg4+ 43. Kh1 Qg2+ 44. Qxg2 hxg2+ 0-1

[Event "43. Olimpiada Batumi 2018 Femenina"]
[Site "Batumi GEO"]
[Date "2018.09.28"]
[Round "5.3"]
[White "Miller, Rachel"]
[Black "Diaz Cesar, Wilsaida Pieranlly"]
[Result "1/2-1/2"]
[WhiteElo "1859"]
[BlackElo "1815"]
[PlyCount "149"]
[EventDate "2018.09.24"]
[EventType "team-swiss"]
[EventRounds "11"]
[EventCountry "GEO"]
[SourceTitle "Ajedrez en Madrid"]
[Source "lmi"]
[SourceDate "2018.09.24"]
[WhiteTeam "Jamaica"]
[BlackTeam "Dominican Republic"]
[WhiteTeamCountry "JAM"]
[BlackTeamCountry "DOM"]

1. e4 c5 2. Nc3 e6 3. f4 a6 4. g3 b5 5. Bg2 Bb7 6. d3 Nf6 7. Qe2 Nc6 8. Nf3 b4
9. Nd1 Be7 10. Ne3 Nd4 11. Nxd4 cxd4 12. Nc4 O-O 13. e5 Bxg2 14. Qxg2 Nd5 15.
O-O Nb6 16. b3 Nd5 17. Qf2 Bc5 18. a4 f6 19. Re1 Qc7 20. Bd2 Rac8 21. Re2 fxe5
22. Rxe5 Ne3 23. Qe2 Rf6 24. Bxe3 dxe3 25. Re1 d5 26. Nxe3 Bd4 27. Rg5 Qxc2 28.
Kf1 Bxe3 29. Qxc2 Rxc2 30. Rxe3 Rc3 31. Rge5 Rxb3 32. Rxe6 d4 33. R3e4 Rxd3 34.
Rxf6 gxf6 35. Re6 a5 36. Rxf6 Ra3 37. Rd6 Rxa4 38. Rxd4 Ra2 39. Ke1 Rxh2 40.
Kd1 Ra2 41. Kc1 b3 42. Rd8+ Kg7 43. Rb8 a4 44. Rb6 Rc2+ 45. Kb1 Rc3 46. Ra6
Rxg3 47. Rxa4 Kf6 48. Ra6+ Kf5 49. Rh6 Rg7 50. Kb2 Rb7 51. Rh4 Kf6 52. Rh5 Kg7
53. Rg5+ Kh6 54. Rg1 Rb4 55. f5 Rf4 56. Kxb3 Rxf5 57. Kc2 Rd5 58. Rd1 Re5 59.
Rg1 Kh5 60. Kd2 h6 61. Re1 Rf5 62. Rg1 Kh4 63. Ke2 h5 64. Rf1 Re5+ 65. Kf3 Ra5
66. Rh1+ Kg5 67. Kg3 h4+ 68. Kh2 Ra3 69. Rg1+ Kf4 70. Rg8 Rg3 71. Rxg3 hxg3+
72. Kg2 Kg4 73. Kg1 Kf5 74. Kg2 Kf4 75. Kg1 1/2-1/2

[Event "43. Olimpiada Batumi 2018 Femenina"]
[Site "Batumi GEO"]
[Date "2018.09.28"]
[Round "5.4"]
[White "Villar Acevedo, Darlin Rocio"]
[Black "Clarke, Adani"]
[Result "1/2-1/2"]
[WhiteElo "1765"]
[BlackElo "1643"]
[PlyCount "100"]
[EventDate "2018.09.24"]
[EventType "team-swiss"]
[EventRounds "11"]
[EventCountry "GEO"]
[SourceTitle "Ajedrez en Madrid"]
[Source "lmi"]
[SourceDate "2018.09.24"]
[WhiteTeam "Dominican Republic"]
[BlackTeam "Jamaica"]
[WhiteTeamCountry "DOM"]
[BlackTeamCountry "JAM"]

1. e4 e6 2. d4 d5 3. e5 c5 4. c3 Nc6 5. Nf3 Qb6 6. a3 a5 7. Bd3 Bd7 8. Bc2 cxd4
9. cxd4 Nh6 10. O-O Rc8 11. Nc3 Qa6 12. Be3 b5 13. Ne2 Qb6 14. h3 Ne7 15. Nf4
Nhf5 16. Bxf5 Nxf5 17. Nh5 Be7 18. Bf4 g6 19. Nf6+ Bxf6 20. exf6 Nd6 21. Bh6
Nf5 22. Bf4 Nd6 23. b4 Ne4 24. Be5 axb4 25. axb4 Qd8 26. Nd2 Nxf6 27. Qf3 Ne4
28. Nxe4 dxe4 29. Qxe4 Bc6 30. Qf4 Qd5 31. f3 Rf8 32. Rfd1 f5 33. Bd6 Rf7 34.
Bc5 Rd8 35. Qe5 Qxe5 36. dxe5 Rxd1+ 37. Rxd1 Bd5 38. Kf2 g5 39. Ra1 h5 40. Ra7
Rxa7 41. Bxa7 Kf7 42. Bc5 Kg6 43. Bd6 f4 44. Bc5 Kf5 45. Bd6 g4 46. fxg4+ hxg4
47. hxg4+ Kxg4 48. Bc5 f3 49. gxf3+ Bxf3 50. Ke3 Bd5 1/2-1/2

[Event "43. Olimpiada Batumi 2018 Femenina"]
[Site "Batumi GEO"]
[Date "2018.09.28"]
[Round "5.1"]
[White "February, Jesse Nikki"]
[Black "Johnson, Gabriella"]
[Result "1-0"]
[WhiteElo "1933"]
[BlackElo "1840"]
[PlyCount "75"]
[EventDate "2018.09.24"]
[EventType "team-swiss"]
[EventRounds "11"]
[EventCountry "GEO"]
[SourceTitle "Ajedrez en Madrid"]
[Source "lmi"]
[SourceDate "2018.09.24"]
[WhiteTeam "South Africa"]
[BlackTeam "Trinidad & Tobago"]
[WhiteTeamCountry "RSA"]

1. e4 g6 2. Nf3 Bg7 3. d4 d6 4. Be3 a6 5. a4 Nf6 6. Bd3 O-O 7. Nbd2 Bg4 8. h3
Bxf3 9. Nxf3 Nbd7 10. O-O e6 11. Qd2 Rc8 12. Bg5 Qe8 13. e5 dxe5 14. dxe5 Nd5
15. Rfe1 c5 16. Be4 Nb4 17. Rad1 Nb8 18. c3 N4c6 19. b4 cxb4 20. cxb4 Nxe5 21.
Nxe5 Bxe5 22. Bxb7 Bc3 23. Qe3 Rc7 24. Rc1 f6 25. Bh6 Rff7 26. Rxc3 Rxb7 27.
Qxe6 Qxe6 28. Rxe6 Rfd7 29. Rxf6 Rd8 30. Rd3 Rc8 31. Rdf3 Nd7 32. Rf7 Rbc7 33.
Kh2 g5 34. Rg7+ Kh8 35. Rff7 Rd8 36. Rxh7+ Kg8 37. Rfg7+ Kf8 38. Rxd7+ 1-0

[Event "43. Olimpiada Batumi 2018 Femenina"]
[Site "Batumi GEO"]
[Date "2018.09.28"]
[Round "5.2"]
[White "Soondarsingh, Aditi"]
[Black "Bouah, Denise"]
[Result "0-1"]
[WhiteElo "1719"]
[BlackElo "1780"]
[PlyCount "84"]
[EventDate "2018.09.24"]
[EventType "team-swiss"]
[EventRounds "11"]
[EventCountry "GEO"]
[SourceTitle "Ajedrez en Madrid"]
[Source "lmi"]
[SourceDate "2018.09.24"]
[WhiteTeam "Trinidad & Tobago"]
[BlackTeam "South Africa"]
[BlackTeamCountry "RSA"]

1. e4 c5 2. Nf3 e6 3. d4 cxd4 4. Nxd4 Nc6 5. Nc3 Qc7 6. Be2 a6 7. O-O Nf6 8.
Kh1 Be7 9. f4 d6 10. Bf3 Bd7 11. Nb3 O-O 12. g4 Be8 13. Bg2 Rd8 14. g5 Nd7 15.
f5 Kh8 16. Qh5 g6 17. Qh6 Rg8 18. Rf3 Bf8 19. Qh3 gxf5 20. exf5 Nde5 21. Rg3
exf5 22. Nd5 Qc8 23. Nf6 Rg7 24. Bf4 Ng6 25. Nh5 Nxf4 26. Nxf4 Ne5 27. Nh5 Ng4
28. Rxg4 fxg4 29. Qe3 Bc6 30. Nd4 Bxg2+ 31. Kxg2 Rg6 32. Rf1 Qc5 33. Rf5 Qc7
34. Qf4 Rd7 35. Nf6 Re7 36. Nd5 Qd8 37. Nxe7 Bxe7 38. Rxf7 Qe8 39. Qf5 Kg8 40.
Rxe7 Qxe7 41. Qc8+ Kf7 42. Qxg4 Rxg5 0-1

[Event "43. Olimpiada Batumi 2018 Femenina"]
[Site "Batumi GEO"]
[Date "2018.09.28"]
[Round "5.3"]
[White "Selkirk, Rebecca"]
[Black "Yearwood, Shannon"]
[Result "1/2-1/2"]
[WhiteElo "1733"]
[BlackElo "1608"]
[PlyCount "66"]
[EventDate "2018.09.24"]
[EventType "team-swiss"]
[EventRounds "11"]
[EventCountry "GEO"]
[SourceTitle "Ajedrez en Madrid"]
[Source "lmi"]
[SourceDate "2018.09.24"]
[WhiteTeam "South Africa"]
[BlackTeam "Trinidad & Tobago"]
[WhiteTeamCountry "RSA"]

1. e4 e5 2. d4 exd4 3. Qxd4 Nc6 4. Qe3 d6 5. Nc3 Nf6 6. Bd2 Be7 7. h3 O-O 8.
O-O-O Re8 9. g4 d5 10. exd5 Nxd5 11. Qg3 Bh4 12. Qh2 Nxc3 13. Bxc3 Qg5+ 14. f4
Qc5 15. Bd3 Be6 16. Ne2 Bxa2 17. Rhf1 Rad8 18. g5 b5 19. Qg1 Qxg1 20. Rxg1 Bf2
21. Rgf1 Be3+ 22. Bd2 Bxd2+ 23. Rxd2 Bc4 24. Bxc4 bxc4 25. Rf3 g6 26. f5 Rxd2
27. Kxd2 gxf5 28. c3 Re5 29. Rf4 Rd5+ 30. Kc2 Re5 31. Kd2 Rd5+ 32. Kc2 Re5 33.
Kd2 Rd5+ 1/2-1/2

[Event "43. Olimpiada Batumi 2018 Femenina"]
[Site "Batumi GEO"]
[Date "2018.09.28"]
[Round "5.4"]
[White "Ali, Amy"]
[Black "Van Zyl, Charlize"]
[Result "0-1"]
[WhiteElo "1446"]
[BlackElo "1664"]
[PlyCount "50"]
[EventDate "2018.09.24"]
[EventType "team-swiss"]
[EventRounds "11"]
[EventCountry "GEO"]
[SourceTitle "Ajedrez en Madrid"]
[Source "lmi"]
[SourceDate "2018.09.24"]
[WhiteTeam "Trinidad & Tobago"]
[BlackTeam "South Africa"]
[BlackTeamCountry "RSA"]

1. d4 Nf6 2. Nf3 g6 3. Bf4 Bg7 4. e3 d5 5. c4 c5 6. Be2 Nc6 7. h3 Qb6 8. Qb3
Qxb3 9. axb3 Nb4 10. O-O Ne4 11. Nc3 Bd7 12. Nxd5 Nxd5 13. cxd5 cxd4 14. Nxd4
g5 15. Bh2 O-O 16. Rfd1 Rfc8 17. Ra2 a5 18. Bd3 Nc5 19. Bc4 h5 20. d6 e6 21.
Nf3 b5 22. Be2 Nxb3 23. Nxg5 Nc1 24. Rxc1 Rxc1+ 25. Bf1 b4 0-1

[Event "43. Olimpiada Batumi 2018 Femenina"]
[Site "Batumi GEO"]
[Date "2018.09.28"]
[Round "5.1"]
[White "Barria Baker, Raisa Melissa"]
[Black "Shabanaj, Eglantina"]
[Result "0-1"]
[WhiteElo "1962"]
[BlackElo "1953"]
[PlyCount "133"]
[EventDate "2018.09.24"]
[EventType "team-swiss"]
[EventRounds "11"]
[EventCountry "GEO"]
[SourceTitle "Ajedrez en Madrid"]
[Source "lmi"]
[SourceDate "2018.09.24"]
[WhiteTeam "Panama"]
[BlackTeam "Albania"]
[WhiteTeamCountry "PAN"]
[BlackTeamCountry "ALB"]

1. d4 d5 2. Nf3 Nf6 3. c4 e6 4. Nc3 c5 5. Bg5 Nc6 6. cxd5 exd5 7. e3 Be6 8. Rc1
Be7 9. Be2 O-O 10. O-O c4 11. Ne5 Nd7 12. Bxe7 Qxe7 13. Nxd7 Qxd7 14. b3 Rad8
15. bxc4 dxc4 16. Qa4 Qe7 17. Bxc4 Bd7 18. Qd1 Qh4 19. Qc2 Rde8 20. Nb5 Qh6 21.
Be2 a6 22. Nc3 Rc8 23. Qb3 b5 24. Ne4 Nxd4 25. Qb2 Rxc1 26. Rxc1 Nxe2+ 27. Qxe2
Bc6 28. Ng3 Bd5 29. Qb2 Qe6 30. Nh5 Qg4 31. Ng3 Bc4 32. h3 Qg6 33. Ne2 Rd8 34.
a3 Qe4 35. Ng3 Qg6 36. Qe5 Qd6 37. Qxd6 Rxd6 38. Rc3 g6 39. h4 Rd3 40. Ne4 Rxc3
41. Nxc3 a5 42. f3 b4 43. axb4 axb4 44. Nd1 Kf8 45. Nb2 Bb5 46. Kf2 Ke7 47. Ke1
Kd6 48. Kd2 Kc5 49. g3 Bf1 50. Na4+ Kc4 51. Nb6+ Kb3 52. Nd5 Ka3 53. Nxb4 Kxb4
54. e4 Kc5 55. Ke3 f6 56. f4 Kd6 57. Kd4 Bh3 58. Kc4 h6 59. Kd4 Bg4 60. Kc4 h5
61. Kd4 Be6 62. e5+ fxe5+ 63. fxe5+ Kc6 64. Ke4 Kc5 65. Kf4 Kd5 66. Kg5 Kxe5
67. Kxg6 0-1

[Event "43. Olimpiada Batumi 2018 Femenina"]
[Site "Batumi GEO"]
[Date "2018.09.28"]
[Round "5.2"]
[White "Shabanaj, Alda"]
[Black "Chung, Yaleika"]
[Result "1/2-1/2"]
[WhiteElo "1853"]
[BlackElo "1736"]
[PlyCount "64"]
[EventDate "2018.09.24"]
[EventType "team-swiss"]
[EventRounds "11"]
[EventCountry "GEO"]
[SourceTitle "Ajedrez en Madrid"]
[Source "lmi"]
[SourceDate "2018.09.24"]
[WhiteTeam "Albania"]
[BlackTeam "Panama"]
[WhiteTeamCountry "ALB"]
[BlackTeamCountry "PAN"]

1. d4 d5 2. c4 c6 3. cxd5 cxd5 4. Nc3 Nc6 5. Bf4 e5 6. dxe5 d4 7. Ne4 Bf5 8.
Nd6+ Bxd6 9. exd6 Nf6 10. Nf3 Qa5+ 11. Qd2 Qxd2+ 12. Nxd2 Nd5 13. e4 dxe3 14.
fxe3 Nxf4 15. exf4 O-O-O 16. Kf2 Rxd6 17. Nf3 Rhd8 18. Bc4 f6 19. Rac1 Kb8 20.
Rhe1 Bg4 21. Kg3 Bxf3 22. gxf3 Rd2 23. b4 Nxb4 24. Rb1 Nc6 25. Bb5 Kc7 26. a4
R2d7 27. a5 a6 28. Bxc6 bxc6 29. Rb6 Ra8 30. Re6 Rd6 31. Re7+ Rd7 32. Re6 Rd6
1/2-1/2